[Event "Ayvalik Walnut"]
[Site "Ayvalik"]
[Date "2023.09.16"]
[Round "8.4"]
[White "Eren, Ataberk"]
[Black "Yurtseven, Melih"]
[Result "1/2-1/2"]
[WhiteElo "2330"]
[BlackElo "2310"]
[PlyCount "110"]
[EventDate "2023.09.11"]
[EventType "schev"]
[EventRounds "9"]
[EventCountry "TUR"]
[SourceTitle "EXT 2024"]
[Source "ChessBase"]
[SourceDate "2023.10.10"]
[SourceVersion "1"]
[SourceVersionDate "2023.10.10"]
[SourceQuality "1"]
[WhiteTeam "Team A"]
[BlackTeam "Team C"]
[WhiteTeamCountry "TUR"]
[BlackTeamCountry "TUR"]

1. e4 e5 2. Nf3 Nc6 3. Bb5 a6 4. Ba4 Nge7 5. c3 d6 6. d4 Bd7 7. d5 Nb8 8. Bxd7+ Nxd7 9. c4 Ng6 10. Nc3 Be7 11. Be3 Nh4 12. Nxh4 Bxh4 13. Qg4 Bf6 14. Qh5 0-0 15. h4 Be7 16. Qf3 c6 17. g3 Rc8 18. 0-0 cxd5 19. cxd5 Nc5 20. Qd1 b5 21. b4 Nd7 22. Qd3 Rc4 23. a4 Qb8 24. axb5 Rfc8 25. Bd2 axb5 26. Rfb1 Bd8 27. Ra6 Bb6 28. Kg2 Nf6 29. f3 Qb7 30. Ra2 Bd4 31. Ne2 h6 32. Rb3 Nd7 33. Rba3 Bb6 34. Nc3 Bd4 35. Nd1 f5 36. Ra6 fxe4 37. fxe4 Qc7 38. Ne3 Bxe3 39. Bxe3 Rc3 40. Qe2 Nf6 41. Bf2 Rf8 42. Qxb5 Nxe4 43. Ra8 Qf7 44. Rxf8+ Qxf8 45. Qe2 Qf5 46. Be1 Rb3 47. Rb2 Rxb2 48. Qxb2 Nf6 49. Bf2 Qe4+ 50. Kg1 Qxd5 51. b5 Qd1+ 52. Kg2 Qd5+ 53. Kg1 Qd1+ 54. Kg2 Qd5+ 55. Kg1 Qd1+ 1/2-1/2

[Event "Ayvalik Walnut"]
[Site "Ayvalik"]
[Date "2023.09.12"]
[Round "3.4"]
[White "Deveci, Huseyin Said"]
[Black "Eren, Ataberk"]
[Result "0-1"]
[WhiteElo "1948"]
[BlackElo "2330"]
[PlyCount "130"]
[EventDate "2023.09.11"]
[EventType "schev"]
[EventRounds "9"]
[EventCountry "TUR"]
[SourceTitle "EXT 2024"]
[Source "ChessBase"]
[SourceDate "2023.10.10"]
[SourceVersion "1"]
[SourceVersionDate "2023.10.10"]
[SourceQuality "1"]
[WhiteTeam "Team D"]
[BlackTeam "Team A"]
[WhiteTeamCountry "TUR"]
[BlackTeamCountry "TUR"]

1. e4 e6 2. d4 d5 3. Nd2 c5 4. Ngf3 cxd4 5. Nxd4 Nf6 6. e5 Nfd7 7. N2f3 Nc6 8. Bb5 Nxd4 9. Nxd4 a6 10. Bxd7+ Bxd7 11. 0-0 Rc8 12. c3 b5 13. a3 Qc7 14. f4 g6 15. g4 Be7 16. Qe1 h5 17. f5 hxg4 18. fxg6 f5 19. g7 Rg8 20. Bh6 Qc4 21. Rd1 Kd8 22. h3 gxh3 23. Qg3 Bc5 24. Rf2 Qa4 25. Rc1 Rc7 26. Qg5+ Kc8 27. Qf6 Bxd4 28. cxd4 Rxc1+ 29. Bxc1 Qd1+ 30. Kh2 Qxd4 31. Rf4 Qb6 32. Qf7 Qd8 33. Rf2 Qe8 34. Qf6 Qd8 35. Rc2+ Kb7 36. Bg5 Qe8 37. Be3 Bc6 38. Bc5 Qd7 39. Be7 d4 40. Qf7 Re8 41. Rxc6 Kxc6 42. Qf8 d3 43. g8Q Rxf8 44. Qxf8 d2 45. Qa8+ Kb6 46. Qb8+ Ka5 47. Bb4+ Ka4 48. Bxd2 Qxd2+ 49. Kxh3 Qxb2 50. Qd6 Qxa3+ 51. Kh4 Qb4+ 52. Kg5 Qc4 53. Qxa6+ Kb3 54. Kf6 Qh4+ 55. Kg6 Qc4 56. Kf6 f4 57. Qa1 b4 58. Qb1+ Ka4 59. Ke7 b3 60. Qa1+ Kb5 61. Kd6 f3 62. Qa8 Qc5+ 63. Kd7 Qxe5 64. Qb7+ Ka4 65. Qa7+ Kb4 0-1

[Event "Istanbul op"]
[Site "Istanbul"]
[Date "2023.08.30"]
[Round "6"]
[White "Eren, Ataberk"]
[Black "Petriashvili, Nikoloz"]
[Result "1/2-1/2"]
[WhiteElo "2330"]
[BlackElo "2458"]
[PlyCount "61"]
[EventDate "2023.08.26"]
[EventType "swiss"]
[EventRounds "9"]
[EventCountry "TUR"]
[SourceTitle "EXT 2024"]
[Source "ChessBase"]
[SourceDate "2023.10.10"]
[SourceVersion "1"]
[SourceVersionDate "2023.10.10"]
[SourceQuality "1"]

1. e4 c6 2. d4 d5 3. e5 Bf5 4. Nf3 e6 5. Be2 Bg6 6. 0-0 Nh6 7. c4 dxc4 8. Bxc4 Nd7 9. Nc3 Nb6 10. Be2 Nf5 11. a4 a5 12. Qb3 Bb4 13. Bg5 Qd7 14. Rad1 h6 15. Bc1 0-0 16. g4 Ne7 17. Nh4 Bh7 18. f4 f6 19. f5 Nbd5 20. Nxd5 Nxd5 21. Qg3 Be7 22. Ng6 Bxg6 23. fxg6 fxe5 24. Qxe5 Qd6 25. Qxd6 Bxd6 26. Bc4 Rxf1+ 27. Rxf1 Rf8 28. h4 Rxf1+ 29. Kxf1 Bf4 30. Bxd5 Bxc1 31. Bxe6+ 1/2-1/2

[Event "TUR-chT"]
[Site "Ankara"]
[Date "2023.07.20"]
[Round "11.16"]
[White "Eren, Ataberk"]
[Black "Altun, Arda"]
[Result "1-0"]
[WhiteElo "2324"]
[BlackElo "2218"]
[PlyCount "51"]
[EventDate "2023.07.10"]
[EventType "team-tourn"]
[EventRounds "11"]
[EventCountry "TUR"]
[SourceTitle "EXT 2024"]
[Source "ChessBase"]
[SourceDate "2023.10.10"]
[SourceVersion "1"]
[SourceVersionDate "2023.10.10"]
[SourceQuality "1"]
[WhiteTeam "Bursa Buyuksehir"]
[BlackTeam "Burhaniye"]
[WhiteTeamCountry "TUR"]
[BlackTeamCountry "TUN"]

1. e4 c6 2. d4 d5 3. e5 Bf5 4. Nf3 e6 5. Be2 c5 6. 0-0 Nc6 7. c3 Bg6 8. Nbd2 cxd4 9. cxd4 Nh6 10. Nb3 Nf5 11. Bd2 h5 12. Rc1 Qb6 13. a4 a5 14. Bb5 Be7 15. Nc5 Nfxd4 16. Nxd4 Bxc5 17. Rxc5 Qxc5 18. Be3 Qb4 19. Nxc6 bxc6 20. Bxc6+ Ke7 21. Qc1 d4 22. Bg5+ f6 23. Bxa8 Kf7 24. exf6 gxf6 25. Bd2 Qb6 26. Bf3 1-0

[Event "TUR-chT"]
[Site "Ankara"]
[Date "2023.07.10"]
[Round "1.4"]
[White "Yurtseven, Melih"]
[Black "Eren, Ataberk"]
[Result "0-1"]
[WhiteElo "2329"]
[BlackElo "2324"]
[PlyCount "88"]
[EventDate "2023.07.10"]
[EventType "team-tourn"]
[EventRounds "11"]
[EventCountry "TUR"]
[SourceTitle "EXT 2024"]
[Source "ChessBase"]
[SourceDate "2023.10.10"]
[SourceVersion "1"]
[SourceVersionDate "2023.10.10"]
[SourceQuality "1"]
[WhiteTeam "Deniz Su Aquamatch"]
[BlackTeam "Bursa Buyuksehir"]
[WhiteTeamCountry "TUR"]
[BlackTeamCountry "TUR"]

1. e4 e6 2. d4 d5 3. e5 c5 4. c3 Nc6 5. Nf3 Bd7 6. Bd3 cxd4 7. 0-0 dxc3 8. Nxc3 a6 9. Re1 Bc5 10. Ng5 Nh6 11. Qh5 Qb6 12. Nh3 Nd4 13. Rb1 Nhf5 14. Bd2 Be7 15. Ng5 g6 16. Qh3 h5 17. b4 Qd8 18. f4 Nh6 19. Kh1 Ng4 20. Rf1 Nf5 21. Be2 Nxe5 22. Nxe6 Bxe6 23. fxe5 h4 24. Qf3 Ng3+ 25. Kg1 Nxf1 26. Bxf1 Rc8 27. Bd3 Bg5 28. Qf2 Bxd2 29. Qxd2 Qc7 30. Na4 Qxe5 31. Nc5 0-0 32. Qf2 Rfe8 33. Re1 Qg5 34. Rf1 Rc7 35. Qd4 Bh3 36. Rf2 Bc8 37. Bf1 Rce7 38. Nd3 h3 39. Nf4 Re5 40. g3 Bd7 41. Qb6 Re1 42. Qxb7 Bb5 43. Nxh3 Qe7 44. Qxd5 Bxf1 0-1

[Event "Cesme op-A 9th"]
[Site "Cesme"]
[Date "2023.06.20"]
[Round "2"]
[White "Karaoglan, Kivanc"]
[Black "Eren, Ataberk"]
[Result "0-1"]
[WhiteElo "2187"]
[BlackElo "2342"]
[PlyCount "76"]
[EventDate "2023.06.19"]
[EventType "swiss"]
[EventRounds "9"]
[EventCountry "TUR"]
[SourceTitle "CBM 214 Extra"]
[Source "ChessBase"]
[SourceDate "2023.07.31"]
[SourceVersion "1"]
[SourceVersionDate "2023.07.31"]
[SourceQuality "1"]

1. e4 e6 2. d4 d5 3. e5 c5 4. c3 Nc6 5. Nf3 Nge7 6. Be2 Nf5 7. dxc5 Bxc5 8. b4 Bb6 9. b5 Na5 10. 0-0 0-0 11. a4 f6 12. Ba3 Rf7 13. Bd3 Nh6 14. Qe2 Ng4 15. Bd6 fxe5 16. Bxe5 Nb3 17. Ra3 Nc5 18. c4 Ne4 19. Bxe4 dxe4 20. Qxe4 Nxf2 21. Qe2 Ng4+ 22. Kh1 Qf8 23. a5 Bc5 24. Rd3 a6 25. Qd2 Be7 26. Bd6 Bd7 27. Nc3 Bxd6 28. Rxd6 Ne5 29. Qd4 Nxf3 30. gxf3 Rxf3 31. Rg1 Rf1 32. Qd3 Rxg1+ 33. Kxg1 Be8 34. bxa6 Rxa6 35. Qd4 Bc6 36. Ne4 h6 37. Nc5 Qe7 38. Qe5 Bd5 0-1

[Event "Ayvalik Begonvil"]
[Site "Ayvalik"]
[Date "2023.05.04"]
[Round "7.6"]
[White "Eren, Ataberk"]
[Black "Tiglon, Bryce"]
[Result "1/2-1/2"]
[WhiteElo "2380"]
[BlackElo "2502"]
[PlyCount "34"]
[EventDate "2023.04.30"]
[EventType "schev"]
[EventRounds "9"]
[EventCountry "TUR"]
[SourceTitle "CBM 214 Extra"]
[Source "ChessBase"]
[SourceDate "2023.07.31"]
[SourceVersion "1"]
[SourceVersionDate "2023.07.31"]
[SourceQuality "1"]
[WhiteTeam "Team C"]
[BlackTeam "Team D"]
[WhiteTeamCountry "TUN"]
[BlackTeamCountry "TUR"]

1. e4 c5 2. Nf3 d6 3. Bb5+ Nd7 4. a4 Ngf6 5. Nc3 a6 6. Bc4 Qa5 7. Ba2 e6 8. d3 b5 9. axb5 axb5 10. 0-0 Rb8 11. Bf4 Qc7 12. Qe2 b4 13. Nd1 Nh5 14. Bd2 Nhf6 15. Bf4 Nh5 16. Bd2 Nhf6 17. Bf4 Nh5 1/2-1/2

[Event "Ayvalik Begonvil"]
[Site "Ayvalik"]
[Date "2023.05.01"]
[Round "3.3"]
[White "Eren, Ataberk"]
[Black "Haznedaroglu, Kivanc"]
[Result "0-1"]
[WhiteElo "2380"]
[BlackElo "2418"]
[PlyCount "80"]
[EventDate "2023.04.30"]
[EventType "schev"]
[EventRounds "9"]
[EventCountry "TUR"]
[SourceTitle "CBM 214 Extra"]
[Source "ChessBase"]
[SourceDate "2023.07.31"]
[SourceVersion "1"]
[SourceVersionDate "2023.07.31"]
[SourceQuality "1"]
[WhiteTeam "Team C"]
[BlackTeam "Team B"]
[WhiteTeamCountry "TUN"]
[BlackTeamCountry "TUN"]

1. e4 c5 2. Nc3 Nc6 3. Bb5 Nd4 4. Bc4 e6 5. Nge2 Nc6 6. a3 Nf6 7. d4 cxd4 8. Nxd4 d6 9. Bg5 Be7 10. 0-0 0-0 11. Re1 Qb6 12. Be3 Nxd4 13. Bxd4 Qc7 14. Bb3 a6 15. Qf3 Bd7 16. Qg3 Bc6 17. e5 dxe5 18. Bxe5 Qa5 19. Bc4 Rfc8 20. Bd3 Qd8 21. Ne4 g6 22. Rad1 Nxe4 23. Bxe4 Qe8 24. Bc3 Bxe4 25. Qe5 Rxc3 26. Qxc3 Rc8 27. Qe5 Bxc2 28. Rc1 Bb3 29. Rc7 Rxc7 30. Qxc7 Bd5 31. Qe5 Qd8 32. b4 a5 33. Qd4 axb4 34. axb4 Qd6 35. Rc1 Bc6 36. Qxd6 Bxd6 37. Rb1 b5 38. f3 f5 39. Kf2 Kf7 40. g3 e5 0-1

[Event "Ayvalik Begonvil"]
[Site "Ayvalik"]
[Date "2023.05.01"]
[Round "2.6"]
[White "Zaksaite, Salomeja"]
[Black "Eren, Ataberk"]
[Result "1-0"]
[WhiteElo "2267"]
[BlackElo "2380"]
[PlyCount "85"]
[EventDate "2023.04.30"]
[EventType "schev"]
[EventRounds "9"]
[EventCountry "TUR"]
[SourceTitle "CBM 214 Extra"]
[Source "ChessBase"]
[SourceDate "2023.07.31"]
[SourceVersion "1"]
[SourceVersionDate "2023.07.31"]
[SourceQuality "1"]
[WhiteTeam "Team A"]
[BlackTeam "Team C"]
[WhiteTeamCountry "TUR"]
[BlackTeamCountry "TUN"]

1. d4 Nf6 2. e3 c5 3. c3 g6 4. Nf3 Bg7 5. Be2 0-0 6. dxc5 a5 7. 0-0 Qc7 8. b3 Ne4 9. Bb2 Nxc5 10. Qc1 d5 11. c4 dxc4 12. Bxg7 Kxg7 13. Bxc4 Bg4 14. Nbd2 Nbd7 15. h3 Bxf3 16. Nxf3 Qb6 17. Qc3+ Nf6 18. Rac1 Nce4 19. Qe5 Qd6 20. Rfd1 Qxe5 21. Nxe5 Rac8 22. f3 Nd6 23. Be2 Rfd8 24. Kf2 Nfe8 25. e4 g5 26. Rxc8 Rxc8 27. Rd5 a4 28. bxa4 Rc2 29. Nd7 h6 30. e5 Nf5 31. g4 Nh4 32. Rc5 Rd2 33. Nb6 Ng6 34. Ke3 Rd8 35. Bd3 Nf4 36. Be4 Ng2+ 37. Kf2 Rd2+ 38. Kg1 f5 39. gxf5 Kf7 40. Bxb7 Ng7 41. e6+ Kg8 42. Rc8+ Kh7 43. Be4 1-0

[Event "Ayvalik Yasemin"]
[Site "Ayvalik"]
[Date "2023.04.23"]
[Round "3"]
[White "Eren, Ataberk"]
[Black "Atakhan, Abtin"]
[Result "1-0"]
[WhiteElo "2380"]
[BlackElo "2410"]
[PlyCount "181"]
[EventDate "2023.04.22"]
[EventType "schev"]
[EventRounds "9"]
[EventCountry "TUR"]
[SourceTitle "CBM 213 Extra"]
[Source "ChessBase"]
[SourceDate "2023.05.31"]
[SourceVersion "1"]
[SourceVersionDate "2023.05.31"]
[SourceQuality "1"]
[WhiteTeam "Team A"]
[BlackTeam "Team D"]
[WhiteTeamCountry "TUR"]
[BlackTeamCountry "IRI"]

1. e4 c5 2. Nf3 d6 3. Bb5+ Bd7 4. Bxd7+ Nxd7 5. 0-0 Ngf6 6. Re1 e6 7. d4 cxd4 8. Nxd4 Qa5 9. Nc3 a6 10. f4 Be7 11. f5 e5 12. Nb3 Qb6+ 13. Be3 Qc6 14. Qf3 b5 15. a3 Nb6 16. Bxb6 Qxb6+ 17. Kh1 h5 18. Nd2 Bd8 19. Nf1 Qc6 20. Rac1 h4 21. h3 Rc8 22. Red1 Nh5 23. Nd5 Bg5 24. Nfe3 Nf6 25. c3 Nxd5 26. Rxd5 Qb6 27. Re1 Bxe3 28. Rxe3 Rc5 29. Rd2 Qd8 30. Red3 Rc6 31. Qd1 Rh6 32. a4 Qb6 33. axb5 axb5 34. Rd5 Qe3 35. Re2 Qb6 36. Qa1 Qb7 37. Qa5 Rb6 38. Qb4 Rf6 39. Red2 g6 40. Rd1 Qc6 41. b3 Qb7 42. Kh2 Qa6 43. R1d2 Qb7 44. fxg6 fxg6 45. Ra2 Qc6 46. Ra7 Rf7 47. Qa5 Kf8 48. Rxf7+ Kxf7 49. Qa7+ Rb7 50. Qf2+ Kg7 51. Qxh4 Rf7 52. Qd8 Rd7 53. Qa5 Rc7 54. Qb4 Qxc3 55. Qxd6 b4 56. Rxe5 Kh7 57. Rb5 Ra7 58. Rb6 Qg7 59. Rxb4 Ra6 60. Qg3 Qa7 61. Rc4 Qb6 62. Rc7+ Kg8 63. Rc8+ Kf7 64. Qf4+ Qf6 65. Qc7+ Qe7 66. Qc4+ Qe6 67. Rc7+ Kf6 68. Qxe6+ Rxe6 69. Rc4 Ke5 70. Kg3 Rf6 71. b4 Rf1 72. Rc6 Kxe4 73. Rxg6 Kf5 74. Rg4 Rb1 75. Rf4+ Kg5 76. h4+ Kh5 77. Rf5+ Kh6 78. b5 Rb4 79. Kh3 Kg6 80. Rg5+ Kh6 81. Rc5 Rb3+ 82. g3 Kg6 83. Rc6+ Kh5 84. Rc5+ Kg6 85. h5+ Kh6 86. Kh4 Kh7 87. g4 Kh6 88. Rc6+ Kh7 89. b6 Rb5 90. Rc7+ Kh6 91. g5+ 1-0

[Event "TUR-chT"]
[Site "Ankara"]
[Date "2022.08.23"]
[Round "8.1"]
[White "Eren, Ataberk"]
[Black "Yurtseven, Melih"]
[Result "1-0"]
[WhiteElo "2211"]
[BlackElo "2337"]
[PlyCount "125"]
[EventDate "2022.08.16"]
[EventType "team-tourn"]
[EventRounds "13"]
[EventCountry "TUR"]
[SourceTitle "CBM 209 Extra"]
[Source "ChessBase"]
[SourceDate "2022.09.30"]
[SourceVersion "1"]
[SourceVersionDate "2022.09.30"]
[SourceQuality "1"]
[WhiteTeam "Bursa Buyuksehir"]
[BlackTeam "Deniz Su Aquamatch"]
[WhiteTeamCountry "TUR"]
[BlackTeamCountry "TUR"]

1. d4 Nf6 2. c4 g6 3. Nc3 d5 4. Bg5 Bg7 5. Nf3 Ne4 6. Bf4 Nxc3 7. bxc3 dxc4 8. e3 b5 9. a4 c6 10. Qb1 Bf5 11. e4 Bd7 12. h4 h6 13. Be2 a6 14. Bxc4 0-0 15. Bd3 c5 16. axb5 cxd4 17. cxd4 Bg4 18. 0-0 Bxf3 19. gxf3 Bxd4 20. Ra2 e5 21. Bg3 a5 22. Rd1 Nd7 23. Bf1 Qf6 24. Kg2 Rfc8 25. Ra3 Nb6 26. Qa2 a4 27. Qd2 Kh7 28. f4 Nc4 29. Bxc4 Rxc4 30. fxe5 Qe6 31. Qa2 Bc5 32. Rf3 Be7 33. b6 Kg8 34. b7 Re8 35. Rd6 Bxd6 36. Rf6 Qd7 37. Qxc4 Bb8 38. Rxg6+ Kh7 39. Rf6 Kg7 40. Qc1 Rh8 41. Qc6 Qe7 42. Rf5 Kh7 43. Qxa4 Qxb7 44. Qc4 Rf8 45. e6 Bxg3 46. fxg3 f6 47. Qd5 Qc7 48. Qd7+ Qxd7 49. exd7 Rd8 50. Rd5 Kg6 51. Kf3 Kf7 52. Kg4 Ke6 53. Kf4 h5 54. Rd3 Ke7 55. Kf5 Kf7 56. Rd6 Ke7 57. Rxf6 Kxd7 58. Rf7+ Kd6 59. e5+ Kd5 60. e6 Re8 61. e7 Kd6 62. Kf6 Kd7 63. Rf8 1-0

[Event "TUR-chT"]
[Site "Ankara"]
[Date "2022.08.22"]
[Round "7.6"]
[White "Erdogdu, Mert"]
[Black "Eren, Ataberk"]
[Result "1/2-1/2"]
[WhiteElo "2415"]
[BlackElo "2211"]
[PlyCount "57"]
[EventDate "2022.08.16"]
[EventType "team-tourn"]
[EventRounds "13"]
[EventCountry "TUR"]
[SourceTitle "CBM 209 Extra"]
[Source "ChessBase"]
[SourceDate "2022.09.30"]
[SourceVersion "1"]
[SourceVersionDate "2022.09.30"]
[SourceQuality "1"]
[WhiteTeam "Bayegan Pendik"]
[BlackTeam "Bursa Buyuksehir"]
[WhiteTeamCountry "TUR"]
[BlackTeamCountry "TUR"]

1. e4 e5 2. Nf3 Nf6 3. Nxe5 d6 4. Nf3 Nxe4 5. d4 d5 6. Bd3 Bd6 7. 0-0 0-0 8. c4 c6 9. cxd5 cxd5 10. Nc3 Re8 11. Re1 Nxc3 12. bxc3 Rxe1+ 13. Qxe1 h6 14. Rb1 Nd7 15. Rb2 Nf6 16. Ne5 Qc7 17. Re2 b6 18. Bd2 Ne4 19. Rxe4 dxe4 20. Qxe4 Bb7 21. Qh7+ Kf8 22. f4 Qd8 23. Qh8+ Ke7 24. Qxg7 Qg8 25. Ng6+ Kd7 26. Ne5+ Ke7 27. Ng6+ Kd7 28. Ne5+ Ke7 29. Ng6+ 1/2-1/2

[Event "TUR-chT"]
[Site "Ankara"]
[Date "2022.08.17"]
[Round "2.2"]
[White "Isik, Alparslan"]
[Black "Eren, Ataberk"]
[Result "1/2-1/2"]
[WhiteElo "2320"]
[BlackElo "2211"]
[PlyCount "73"]
[EventDate "2022.08.16"]
[EventType "team-tourn"]
[EventRounds "13"]
[EventCountry "TUR"]
[SourceTitle "CBM 209 Extra"]
[Source "ChessBase"]
[SourceDate "2022.09.30"]
[SourceVersion "1"]
[SourceVersionDate "2022.09.30"]
[SourceQuality "1"]
[WhiteTeam "Rota Koleji Dernegi"]
[BlackTeam "Bursa Buyuksehir"]
[WhiteTeamCountry "TUR"]
[BlackTeamCountry "TUR"]

1. c4 c6 2. d4 d5 3. Nf3 Nf6 4. Nc3 dxc4 5. a4 Bf5 6. Ne5 Nbd7 7. Nxc4 Nb6 8. Ne5 a5 9. f3 Nfd7 10. Nxd7 Nxd7 11. e4 Bg6 12. Be2 Qb6 13. f4 e5 14. dxe5 f5 15. Qd3 Nc5 16. Qh3 Nxe4 17. Nxe4 fxe4 18. Be3 Qb4+ 19. Kf2 Be7 20. Rhc1 0-0 21. b3 Bf5 22. g4 Be6 23. Kg1 Qxb3 24. Rab1 Qa2 25. Bf1 Bb4 26. f5 Bd5 27. Qg3 Rae8 28. e6 Bd2 29. Rxb7 Bxe6 30. Bd4 Bf7 31. Rb2 Bxc1 32. Rxa2 Bxa2 33. Qc3 Bh6 34. h4 Bf4 35. Bxg7 Rf7 36. Qxc6 Rd8 37. Bb2 1/2-1/2